Co to za samochód?#3 - Statystyki

Ogólne statystyki
  • Ten quiz został rozwiązany 24 razy
  • Średni wynik to 9 z 16
Statystyki odpowiedzi
Obrazkowy Odpowiedź % Poprawnych
Fiat Seicento
85%
Audi A3
80%
Peugeot 206
80%
Toyota Prius
80%
Lamborghini Urus
75%
BMW x3
70%
Tesla Cybertruck
70%
Renault Laguna
65%
Honda Accord
55%
Opel Zafira
50%
Dodge Viper
45%
Iveco Daily
40%
Mitsubishi Colt
40%
Volkswagen T5
35%
Ferrari SF90
30%
Subaru Forester
25%
Nie znaleziono quizów pasujących do podanych kryteriów
Rozkład punktacji
Procent ludzi z każdym wynikiem
Percentyl według liczby udzielonych odpowiedzi
Twoja historia wyników
Nie rozwiązałeś tego quizu